<?xml version="1.0" encoding="UTF-8"?><?xml-stylesheet type="text/xsl" href="static/style.xsl"?><OAI-PMH xmlns="http://www.openarchives.org/OAI/2.0/" xmlns:xsi="http://www.w3.org/2001/XMLSchema-instance" xsi:schemaLocation="http://www.openarchives.org/OAI/2.0/ http://www.openarchives.org/OAI/2.0/OAI-PMH.xsd"><responseDate>2026-04-17T03:15:07Z</responseDate><request verb="GetRecord" identifier="oai:www.recercat.cat:10459.1/467232" metadataPrefix="marc">https://recercat.cat/oai/request</request><GetRecord><record><header><identifier>oai:recercat.cat:10459.1/467232</identifier><datestamp>2025-09-15T18:41:40Z</datestamp><setSpec>com_2072_3622</setSpec><setSpec>col_2072_479130</setSpec></header><metadata><record xmlns="http://www.loc.gov/MARC21/slim" xmlns:dcterms="http://purl.org/dc/terms/" xmlns:xsi="http://www.w3.org/2001/XMLSchema-instance" xmlns:doc="http://www.lyncode.com/xoai" xsi:schemaLocation="http://www.loc.gov/MARC21/slim http://www.loc.gov/standards/marcxml/schema/MARC21slim.xsd">
   <leader>00925njm 22002777a 4500</leader>
   <datafield ind2=" " ind1=" " tag="042">
      <subfield code="a">dc</subfield>
   </datafield>
   <datafield ind2=" " ind1=" " tag="720">
      <subfield code="a">Presta Novello, Déborah</subfield>
      <subfield code="e">author</subfield>
   </datafield>
   <datafield ind2=" " ind1=" " tag="260">
      <subfield code="c">2024-10-01</subfield>
   </datafield>
   <datafield ind2=" " ind1=" " tag="520">
      <subfield code="a">Indigenous women have gone through different types of inequalities linked, historically, to their female gender and ethnicity. Their extensive fight against discrimination has led them to be more vulnerable to violations of their rights. The non-international armed conflict experienced in Colombia has aggravated and magnified this pernicious situation. In this context, the relevance of the role of indigenous women in the construction of peace is analyzed by means of their involvement in the Final Agreement with the FARC-EP and the current panorama at the negotiating table with the ELN. Similarly, a large number of challenges and threats facing this path towards total peace are exposed.</subfield>
   </datafield>
   <datafield ind2=" " ind1=" " tag="520">
      <subfield code="a">Las mujeres indígenas han atravesado distintos tipos de desigualdades vinculadas, históricamente, a su género femenino y a su etnia. Su extensa lucha contra la discriminación las ha llevado a ser más vulnerables ante las violaciones de sus derechos. El conflicto armado interno vivido en Colombia ha agravado y magnificado esta perniciosa situación. En este contexto, se analiza la relevancia del papel de la mujer indígena en la construcción de paz, con su participación en el Acuerdo Final con las FARC-EP y el panorama actual en la mesa de negociaciones con el ELN. Asimismo, se exponen un gran número de retos y amenazas a las que se enfrenta este camino hacia la paz total.</subfield>
   </datafield>
   <datafield tag="653" ind2=" " ind1=" ">
      <subfield code="a">Indigenous Women</subfield>
   </datafield>
   <datafield tag="653" ind2=" " ind1=" ">
      <subfield code="a">Peacebuilding</subfield>
   </datafield>
   <datafield tag="653" ind2=" " ind1=" ">
      <subfield code="a">Armed Conflict</subfield>
   </datafield>
   <datafield tag="653" ind2=" " ind1=" ">
      <subfield code="a">Colombia</subfield>
   </datafield>
   <datafield ind2="0" ind1="0" tag="245">
      <subfield code="a">Women, Peace and Territory: Peacebuilding in Colombia through Ethnic and Gender Approaches</subfield>
   </datafield>
   <datafield ind2="0" ind1="0" tag="245">
      <subfield code="a">Mujeres, paz y territorio: Construcción de paz en Colombia a través de los enfoques étnico y de género</subfield>
   </datafield>
</record></metadata></record></GetRecord></OAI-PMH>